Villes du Puy-de-Dôme - Mort subite - Statistiques

Statistiques générales
  • Ce quiz a été pris 197 fois
  • Le résultat moyen est 7 sur 12
Answers on the Grid
Answers color-coded by a green-red scale on the quiz's grid according to % correct below.
Clermont-Ferrand
Aubière
Beaumont
Chamalières
Cournon-d'Auvergne
Gerzat
Lempdes
Le Cendre
Volvic
Chappes
Ambert
Mozac
Salers
Gannat
Montluçon
Commentry
Brioude
Murat
Saint-Flour
Ussel
Bort-les-Orgues
Néris-les-Bains
 
Statistiques - réponses
Réponse % Correct
Clermont-Ferrand
75%
Volvic
75%
Cournon-d'Auvergne
64%
Chamalières
63%
Lempdes
62%
Aubière
61%
Ambert
59%
Gerzat
58%
Beaumont
53%
Le Cendre
51%
Mozac
50%
Chappes
37%
Aucun quiz correspondant
Distribution des résultats
% des personnes avec chaque résultat
Percentile par nombre de réponses
Votre historique - résultats
Vous n’avez pas pris ce quiz